| 000 | 00576nam a2200181Ia 4500 | ||
|---|---|---|---|
| 005 | 20250508152802.0 | ||
| 008 | 008 250505s9999 xx 000 0 eng d | ||
| 037 | _aTextual | ||
| 040 |
_aFEDL _beng _cFEDL |
||
| 041 |
_aeng _2eng |
||
| 084 |
_a371.335, SMI _qFEDL |
||
| 100 |
_aSmith Mary Howard _9762374 |
||
| 245 | 0 | _aUsing television in the classroom : Midwest program on airborne televeision insturction | |
| 260 |
_aNew York, USA _bMcGraw-Hill Book Company _c1961 |
||
| 300 | _axiv,118p. | ||
| 942 |
_cTEXL _h371.335, SMI |
||
| 999 |
_c1338738 _d1338738 |
||